00446nam a2200145 a 450000100060000000300090000600800410001504000280005608200170008410000210010124500550012226000800017730000100025765000330026710409CO-ViMGA141112s2004 ck r 000 u spa d aCO-ViMGAbspacCO-ViMGA04a910.014 A73g1 aArdao ; Arturo, 10aGenesis de la idea y el nombre de América latina aCaracas : bCentro de Estudios LatinoAméricanos Rómulo Gallegos, c1980 a254p.14aAmérica LATINA - IDEOLOGIA